Eukaryota Kingdoms - Statistics

General Stats
  • This quiz has been taken 13 times
  • The average score is 3 of 5
Answer Stats
Kingdom % Correct
Fungi
100%
Animalia
80%
Plantae
60%
Protozoa
20%
Chromista
10%
No matching quizzes found
Score Distribution
Percent of People with Each Score
Percentile by Number Answered
Your Score History
You have not taken this quiz